000 00934nam a2200241Ia 4500
003 OSt
005 20221005111640.0
006 a|||||r|||| 00| 0
007 ta
008 221004b |||||||| |||| 00| 0 hin d
024 _a30815
037 _cTextual
040 _aCRL
_cCRL
_bhin
041 _2hin
_ahin
082 _aV1(Q).H, 152M7
100 _aसाहु, किशोरीलाल प्रसाद
245 0 _aइस्लाम उद्भव और विकास
_b प्रारंभ से लगभग 1300 ई. तक
246 _aIslām udbhav aur vikāsa: prāranbha se lagabhag 1300 ītaka
260 _aपटना
_bबिहारी हिंदी ग्रंथ अकादमी भारत
_c1987
300 _a810पृ.
_ccm.
942 _hV1(Q).H, 152M7
_cTEXL
_2cc
999 _c1022448
_d1022448